000 00741cab a2200229 4500
001 WB2903-56
008 090401t1993 xxu||||| |||| 00| 0 eng d
035 _a(Sirsi) u32008
041 _aeng
245 _aTerms of reference
260 _c1993
350 _a0
490 _aDTI Press Notice
_v(P/93/22) 18 January 1993 (7)
520 _aThe President of the Board of Trade has written to British Coal and all mining unions outlining the terms of reference for the Boyds Review into the ten pits which are the subject of a consultation process.
650 _aBOYDS REVEIW
650 _aCOAL INDUSTRY
650 _aPIT CLOSURES
650 _aPRIVATISATION
690 _aMINING AND MINERALS
942 _n0
948 _c04/03/1997
999 _c21478
_d21478